[Event "Mid Bohemia Region-chT 2223"]
[Site "Czech Republic"]
[Date "2023.02.12"]
[Round "8.6"]
[White "Vavrinec, Tomas"]
[Black "Suchy, Ladislav"]
[Result "1-0"]
[WhiteElo "1905"]
[BlackElo "1808"]
[PlyCount "55"]
[EventDate "2022.10.09"]
[EventType "team-tourn"]
[EventRounds "11"]
[EventCountry "CZE"]
[SourceTitle "EXT 2024"]
[Source "ChessBase"]
[SourceDate "2023.10.10"]
[SourceVersion "1"]
[SourceVersionDate "2023.10.10"]
[SourceQuality "1"]
[WhiteTeam "Ricany III"]
[BlackTeam "Kostelec nad CL"]
[WhiteTeamCountry "CZE"]
[BlackTeamCountry "CZE"]

1. Nf3 Nf6 2. c4 d5 3. g3 Nc6 4. cxd5 Nxd5 5. d4 g6 6. e4 Nb6 7. d5 Nb8 8. Qd4 Rg8 9. Nc3 Bg7 10. Qd3 c6 11. Bf4 Bxc3+ 12. bxc3 cxd5 13. Rd1 Na6 14. Bg2 Bg4 15. exd5 Nc5 16. Qb5+ Ncd7 17. 0-0 Kf8 18. Bh6+ Ke8 19. Rfe1 f6 20. Rd4 Bxf3 21. Bxf3 a6 22. Qe2 Nc5 23. d6 e5 24. Bd5 Nxd5 25. Rxd5 Nd7 26. f4 Kf7 27. Rxe5 fxe5 28. Qc4+ 1-0

[Event "Rakovnik Regional-chT 1415"]
[Site "Rakovnik"]
[Date "2015.02.01"]
[Round "7.8"]
[White "Vlkova, Anezka"]
[Black "Suchy, Ladislav"]
[Result "1/2-1/2"]
[WhiteElo "1515"]
[BlackElo "1840"]
[PlyCount "76"]
[EventDate "2014.10.19"]
[EventType "team-tourn"]
[EventRounds "11"]
[EventCountry "CZE"]
[SourceTitle "EXT 2016"]
[Source "ChessBase"]
[SourceDate "2015.10.08"]
[SourceVersion "1"]
[SourceVersionDate "2015.10.08"]
[SourceQuality "1"]
[WhiteTeam "Vlasim II"]
[BlackTeam "Kostelec nad CL"]
[WhiteTeamCountry "CZE"]
[BlackTeamCountry "CZE"]

1. e4 c5 2. Nc3 Nc6 3. g3 g6 4. Bg2 Bg7 5. f4 d6 6. Nf3 Bg4 7. h3 Bd7 8. d3 Qb6 9. Nd5 Qd8 10. c3 e6 11. Ne3 Nf6 12. 0-0 0-0 13. Nc2 Nh5 14. g4 Nf6 15. Be3 h5 16. g5 Ne8 17. Rb1 Nc7 18. d4 cxd4 19. Nfxd4 Ne7 20. Nb3 d5 21. exd5 Ncxd5 22. Rf2 Nxe3 23. Nxe3 Qc7 24. Qf1 Bc6 25. Qc4 Rfd8 26. Bxc6 Nxc6 27. Rff1 Rd7 28. Nc5 Rd6 29. Ne4 Rd7 30. Nc5 Rdd8 31. Rbd1 Rxd1 32. Rxd1 Rd8 33. Rxd8+ Nxd8 34. Ne4 Nc6 35. Nc5 a6 36. Kg2 Qb6 37. b4 Qc7 38. Kf3 e5 1/2-1/2

[Event "Ricany op"]
[Site "Ricany"]
[Date "2012.08.28"]
[Round "4"]
[White "Suchy, Ladislav"]
[Black "Tvrdy, Jindrich"]
[Result "1-0"]
[WhiteElo "1809"]
[BlackElo "1908"]
[PlyCount "49"]
[EventDate "2012.08.26"]
[EventType "swiss"]
[EventRounds "9"]
[EventCountry "CZE"]
[SourceTitle "CBM 150 Extra"]
[Source "ChessBase"]
[SourceDate "2012.10.19"]
[SourceVersion "1"]
[SourceVersionDate "2012.10.19"]
[SourceQuality "1"]

1. Nc3 g6 2. e4 d6 3. d4 Nf6 4. Be2 Bg7 5. Be3 c6 6. Qd2 b5 7. Bf3 Bb7 8. Nge2 Nbd7 9. Bh6 Bxh6 10. Qxh6 b4 11. Nd1 Qa5 12. 0-0 Qb5 13. Ng3 c5 14. c3 cxd4 15. cxd4 Nf8 16. e5 Bxf3 17. exf6 Bxd1 18. fxe7 Ne6 19. Rfxd1 Kxe7 20. d5 Nc5 21. Re1+ Kd7 22. Qh3+ Kd8 23. Qh4+ Kc7 24. Re7+ Kb6 25. Qf4 1-0

[Event "Prague Holiday K31"]
[Site "Prague"]
[Date "2012.07.30"]
[Round "3"]
[White "Vitek, Jan"]
[Black "Suchy, Ladislav"]
[Result "1/2-1/2"]
[WhiteElo "1970"]
[BlackElo "1809"]
[PlyCount "59"]
[EventDate "2012.07.29"]
[EventType "tourn"]
[EventRounds "9"]
[EventCountry "CZE"]
[SourceTitle "EXT 2023"]
[Source "ChessBase"]
[SourceDate "2022.10.05"]
[SourceVersion "1"]
[SourceVersionDate "2022.10.05"]
[SourceQuality "1"]

1. e4 Nc6 2. Nf3 d5 3. exd5 Qxd5 4. Nc3 Qd6 5. d4 Nf6 6. Nb5 Qd7 7. c4 e6 8. Be2 a6 9. Qa4 Bb4+ 10. Bd2 Bxd2+ 11. Nxd2 0-0 12. Nf3 Rb8 13. Nc3 Nxd4 14. Nxd4 Qxd4 15. 0-0 Qb6 16. Qc2 Bd7 17. Rad1 Bc6 18. Rd2 Qa5 19. a3 Qg5 20. f3 Rbd8 21. Rfd1 Rxd2 22. Rxd2 Nh5 23. Ne4 Qe3+ 24. Kf1 f5 25. Ng3 Nf4 26. Qd1 Ba4 27. Qe1 Bb3 28. Rd7 g5 29. Qc3 Qxc3 30. bxc3 1/2-1/2

[Event "Prague Holiday K31"]
[Site "Prague"]
[Date "2012.07.29"]
[Round "2"]
[White "Suchy, Ladislav"]
[Black "Vavrinec, Tomas"]
[Result "0-1"]
[WhiteElo "1809"]
[BlackElo "1995"]
[PlyCount "64"]
[EventDate "2012.07.29"]
[EventType "tourn"]
[EventRounds "9"]
[EventCountry "CZE"]
[SourceTitle "EXT 2023"]
[Source "ChessBase"]
[SourceDate "2022.10.05"]
[SourceVersion "1"]
[SourceVersionDate "2022.10.05"]
[SourceQuality "1"]

1. Nc3 e6 2. e4 d5 3. Nf3 Nf6 4. e5 Nfd7 5. d4 c5 6. Bb5 Nc6 7. Be3 Be7 8. Ne2 Qa5+ 9. Nc3 0-0 10. 0-0 cxd4 11. Bxd4 Nxd4 12. Qxd4 f6 13. Rfe1 fxe5 14. Qg4 Nf6 15. Qa4 Qxa4 16. Bxa4 e4 17. Nd2 Ng4 18. Nd1 Bc5 19. Re2 b6 20. Bb5 Bb7 21. Nb3 Bd6 22. h3 Ne5 23. Nd4 Rf6 24. Ne3 Raf8 25. Rf1 Ng6 26. Ng4 Nf4 27. Nxf6+ Rxf6 28. Rd2 Rg6 29. g3 Nxh3+ 30. Kh2 Ng5 31. f4 exf3 32. Nxf3 Ne4 0-1

[Event "Ricany op-A"]
[Site "Ricany"]
[Date "2011.08.25"]
[Round "7"]
[White "Sedivy, Ondrej"]
[Black "Suchy, Ladislav"]
[Result "0-1"]
[WhiteElo "1782"]
[BlackElo "1870"]
[PlyCount "60"]
[EventDate "2011.08.20"]
[EventType "swiss"]
[EventRounds "9"]
[EventCountry "CZE"]
[SourceTitle "CBM 144 Extra"]
[Source "ChessBase"]
[SourceDate "2011.10.28"]
[SourceVersion "1"]
[SourceVersionDate "2011.10.28"]
[SourceQuality "1"]

1. c4 b6 2. Nc3 Bb7 3. Nf3 e6 4. g3 g5 5. h3 f5 6. Bg2 g4 7. Nh4 Bxg2 8. Nxg2 Qc8 9. d4 Qb7 10. e4 Na6 11. d5 0-0-0 12. Qd4 Nf6 13. Qxf6 Rg8 14. dxe6 fxe4 15. Nd5 Bb4+ 16. Bd2 Bxd2+ 17. Kxd2 dxe6 18. Qxe6+ Kb8 19. Kc2 Nc5 20. Qh6 Nd3 21. Raf1 Qa6 22. Qc6 Rxd5 23. Qe6 Qxc4+ 24. Kb1 Rgd8 25. Ne3 Qb4 26. Nd1 Rc5 27. Qh6 Rb5 28. Qf6 Rd4 29. f3 Qd2 30. Qc6 Rc5 0-1